Proposal to re-engineer the process of buying and selling homes (Record no. 74099)

MARC details
000 -LEADER
fixed length control field 01252cab a2200241 4500
001 - CONTROL NUMBER
control field ABS67452
008 - FIXED-LENGTH DATA ELEMENTS--GENERAL INFORMATION
fixed length control field 040203n2004 000 0 eng u
035 ## - SYSTEM CONTROL NUMBER
System control number (Sirsi) u124989
100 ## - MAIN ENTRY--PERSONAL NAME
Personal name Grayson, H.
245 ## - TITLE STATEMENT
Title Proposal to re-engineer the process of buying and selling homes
260 ## - PUBLICATION, DISTRIBUTION, ETC.
Date of publication, distribution, etc. 2004
490 ## - SERIES STATEMENT
Series statement Site Recorder
Volume/sequential designation 122(1449) January 2004, 8-9(2)
520 ## - SUMMARY, ETC.
Summary, etc. Focuses on the development of licensed home inspectors in the context of the Housing Bill and its Home Information Pack and House Condition Report provisions. Examines the shortfall of qualified residential inspectors and the opportunities for other professionals to move into this area of work. Describes the skill standards in place and the qualifications already available, although formal assessment will not go live until the Bill gains royal assent, and the importance of CPD.
590 ## - LOCAL NOTE (RLIN)
Local note ABS
650 ## - SUBJECT ADDED ENTRY--TOPICAL TERM
Topical term or geographic name entry element PROPERTY-RESIDENTIAL PROPERTY-ACQUISITION AND DISPOSAL OF RESIDENTIAL PROPERTY
650 ## - SUBJECT ADDED ENTRY--TOPICAL TERM
Topical term or geographic name entry element PROPERTY-RESIDENTIAL PROPERTY-ACQUISITION AND DISPOSAL OF RESIDENTIAL PROPERTY
650 ## - SUBJECT ADDED ENTRY--TOPICAL TERM
Topical term or geographic name entry element HOUSING BILL
650 ## - SUBJECT ADDED ENTRY--TOPICAL TERM
Topical term or geographic name entry element HOME INFORMATION PACKS
650 ## - SUBJECT ADDED ENTRY--TOPICAL TERM
Topical term or geographic name entry element HOME CONDITION REPORTS
650 ## - SUBJECT ADDED ENTRY--TOPICAL TERM
Topical term or geographic name entry element LICENSED HOME INSPECTORS
690 ## - LOCAL SUBJECT ADDED ENTRY--TOPICAL TERM (OCLC, RLIN)
Topical term or geographic name as entry element PROPERTY
942 ## - ADDED ENTRY ELEMENTS (KOHA)
Suppress in OPAC 0
Holdings
Withdrawn status Lost status Source of classification or shelving scheme Damaged status Not for loan Home library Current library Shelving location Date acquired Total Checkouts Full call number Barcode Date last seen Copy number Price effective from Koha item type
    Dewey Decimal Classification     London London Journal article 03/02/2004   ABS67452 124989-1001 06/08/2019 1 06/08/2019 Journal article